Nghệ thuật làm hoa giấy

Spremljeno u:
Bibliografski detalji
Glavni autor: Phan, Ánh Tuyết
Format: Knjiga
Jezik:Undetermined
Izdano: Thành phố Hồ Chí Minh Nhà xuất bản Thành phố Hồ Chí Minh 2003
Teme:
Oznake: Dodaj oznaku
Bez oznaka, Budi prvi tko označuje ovaj zapis!
Thư viện lưu trữ: Trung tâm Học liệu Trường Đại học Cần Thơ
LEADER 00590nam a2200193Ia 4500
001 CTU_118543
008 210402s9999 xx 000 0 und d
020 |c 14000 
082 |a 745.54 
082 |b T528 
100 |a Phan, Ánh Tuyết 
245 0 |a Nghệ thuật làm hoa giấy 
245 0 |c Phan Ánh Tuyết 
260 |a Thành phố Hồ Chí Minh 
260 |b Nhà xuất bản Thành phố Hồ Chí Minh 
260 |c 2003 
650 |a Handicraft,Paper, handmade 
904 |i Nguyên 
980 |a Trung tâm Học liệu Trường Đại học Cần Thơ